[Event "Goch op 16th"]
[Site "Goch"]
[Date "2005.10.03"]
[Round "7"]
[White "Vonk, Hans Werner"]
[Black "Karssen, Henk"]
[Result "1-0"]
[WhiteElo "2135"]
[BlackElo "1996"]
[PlyCount "61"]
[EventDate "2005.09.30"]
[EventType "swiss"]
[EventRounds "7"]
[EventCountry "GER"]
[SourceTitle "EXT 2007"]
[Source "ChessBase"]
[SourceDate "2006.11.23"]
[SourceVersion "1"]
[SourceVersionDate "2006.11.23"]
[SourceQuality "1"]

1. e4 e6 2. d4 d5 3. Nd2 Nc6 4. Ngf3 Nf6 5. e5 Nd7 6. c3 b6 7. Bd3 Bb7 8. 0-0 Be7 9. Re1 g5 10. Nf1 h5 11. Be3 Nf8 12. N3d2 Qd7 13. b4 0-0-0 14. a4 Nb8 15. b5 g4 16. Qc2 h4 17. Rec1 Ng6 18. a5 Rdg8 19. axb6 axb6 20. c4 g3 21. fxg3 hxg3 22. hxg3 Bb4 23. cxd5 Bxd2 24. Nxd2 Ne7 25. d6 Nd5 26. Bf2 f5 27. exf6 Qxd6 28. Nc4 Qd7 29. Be4 Kd8 30. Ne5 Qxb5 31. Bxd5 1-0

[Event "Goch op 16th"]
[Site "Goch"]
[Date "2005.10.02"]
[Round "4"]
[White "Van Winsen, Joost"]
[Black "Vonk, Hans Werner"]
[Result "1/2-1/2"]
[WhiteElo "1732"]
[BlackElo "2135"]
[PlyCount "43"]
[EventDate "2005.09.30"]
[EventType "swiss"]
[EventRounds "7"]
[EventCountry "GER"]
[SourceTitle "EXT 2007"]
[Source "ChessBase"]
[SourceDate "2006.11.23"]
[SourceVersion "1"]
[SourceVersionDate "2006.11.23"]
[SourceQuality "1"]

1. c4 Nf6 2. Nc3 g6 3. e4 d6 4. d4 Bg7 5. f4 e5 6. dxe5 dxe5 7. Qxd8+ Kxd8 8. Bd3 Nbd7 9. Nf3 c6 10. 0-0 Ke8 11. Bd2 h6 12. Rad1 exf4 13. Bxf4 g5 14. Bd6 Ng4 15. Rd2 Nge5 16. Nd4 Nxd3 17. Rxd3 Ne5 18. Bxe5 Bxe5 19. Nf3 Bg7 20. e5 Bf5 21. Re3 Bh7 22. Nd4 1/2-1/2

[Event "Goch op 16th"]
[Site "Goch"]
[Date "2005.10.01"]
[Round "2"]
[White "Schiffer, Kai Uwe"]
[Black "Vonk, Hans Werner"]
[Result "1-0"]
[WhiteElo "2316"]
[BlackElo "2135"]
[PlyCount "53"]
[EventDate "2005.09.30"]
[EventType "swiss"]
[EventRounds "7"]
[EventCountry "GER"]
[SourceTitle "EXT 2007"]
[Source "ChessBase"]
[SourceDate "2006.11.23"]
[SourceVersion "1"]
[SourceVersionDate "2006.11.23"]
[SourceQuality "1"]

1. d4 Nf6 2. Nf3 g6 3. c4 Bg7 4. Nc3 0-0 5. e4 d6 6. Be2 e5 7. 0-0 Nc6 8. d5 Ne7 9. b4 Nh5 10. Re1 f5 11. Ng5 Nf4 12. c5 h6 13. Nf3 fxe4 14. Nd2 Nf5 15. Ndxe4 Nxg2 16. Kxg2 Nh4+ 17. Kh1 Bh3 18. Rg1 g5 19. Bg4 Bxg4 20. Qxg4 Nf5 21. h4 gxh4 22. Bxh6 Rf7 23. Ng5 Nxh6 24. Nxf7 Nxg4 25. Nxd8 Nxf2+ 26. Kg2 Nd3 27. Ne6 1-0

[Event "Goch op 14th"]
[Site "Goch"]
[Date "2003.??.??"]
[Round "3"]
[White "Verfuerth, Thomas"]
[Black "Vonk, Hans Werner"]
[Result "1/2-1/2"]
[WhiteElo "2205"]
[BlackElo "1990"]
[PlyCount "53"]
[EventDate "2003.10.02"]
[EventType "swiss"]
[EventRounds "7"]
[EventCountry "GER"]
[SourceTitle "EXT 2006"]
[Source "ChessBase"]
[SourceDate "2005.11.24"]
[SourceVersion "1"]
[SourceVersionDate "2005.11.24"]
[SourceQuality "1"]

1. c4 f5 2. g3 Nf6 3. Bg2 e6 4. d4 d5 5. cxd5 exd5 6. Nf3 Bd6 7. 0-0 0-0 8. Nc3 c6 9. Bg5 Qe8 10. Rc1 Nbd7 11. e3 Ne4 12. Bf4 Be7 13. Bc7 Rf6 14. Ne5 Nf8 15. Nxe4 fxe4 16. Ba5 Bd6 17. Bc3 Bxe5 18. dxe5 Rf7 19. f4 exf3 20. Bxf3 Bh3 21. Bg2 Bxg2 22. Kxg2 Rxf1 23. Qxf1 Ng6 24. Qf5 Qe7 25. Rf1 Rf8 26. Qh5 Rxf1 27. Kxf1 1/2-1/2

[Event "Goch op 14th"]
[Site "Goch"]
[Date "2003.??.??"]
[Round "4"]
[White "Vonk, Hans Werner"]
[Black "Stelter, Wilhelm"]
[Result "1/2-1/2"]
[WhiteElo "1990"]
[BlackElo "1625"]
[PlyCount "81"]
[EventDate "2003.10.02"]
[EventType "swiss"]
[EventRounds "7"]
[EventCountry "GER"]
[SourceTitle "EXT 2006"]
[Source "ChessBase"]
[SourceDate "2005.11.24"]
[SourceVersion "1"]
[SourceVersionDate "2005.11.24"]
[SourceQuality "1"]

1. e4 e5 2. Nf3 Nc6 3. Bb5 a6 4. Ba4 Nf6 5. 0-0 Nxe4 6. Re1 Nc5 7. Bxc6 dxc6 8. Nxe5 Be7 9. d4 Ne6 10. Be3 0-0 11. f4 f6 12. Nf3 Bd6 13. g3 Bb4 14. c3 Ba5 15. b4 Bb6 16. Nbd2 Kh8 17. a3 a5 18. h4 Qd6 19. Kg2 Rg8 20. Rh1 Nf8 21. Qc2 Bg4 22. Nh2 Qd5+ 23. Qe4 Be6 24. Qxd5 Bxd5+ 25. Nhf3 Rd8 26. Kf2 Ng6 27. h5 Ne7 28. g4 Rgf8 29. Nf1 Ng8 30. Bd2 Nh6 31. Ne3 Rde8 32. Kg3 Nf7 33. Rh2 Nd6 34. Nxd5 cxd5 35. Nh4 Ne4+ 36. Kf3 Nxd2+ 37. Rxd2 Re4 38. Re2 Rfe8 39. Rxe4 Rxe4 40. Rb1 axb4 41. axb4 1/2-1/2

[Event "Goch op 10th"]
[Site "Goch"]
[Date "1999.10.15"]
[Round "2.3"]
[White "Vonk, Hans Werner"]
[Black "Meijers, Viesturs"]
[Result "0-1"]
[WhiteElo "2107"]
[BlackElo "2472"]
[PlyCount "64"]
[EventDate "1999.10.14"]
[EventType "swiss"]
[EventRounds "7"]
[EventCountry "GER"]
[SourceTitle "EXT 2002"]
[Source "ChessBase"]
[SourceDate "2001.11.25"]
[SourceVersion "1"]
[SourceVersionDate "2001.11.25"]
[SourceQuality "1"]

1. e4 e5 2. Nf3 Nf6 3. Nc3 Bb4 4. d3 d5 5. exd5 Nxd5 6. Bd2 Bxc3 7. bxc3 0-0 8. Be2 Nc6 9. 0-0 Re8 10. c4 Nf6 11. Bc3 Bg4 12. Ng5 Bxe2 13. Qxe2 Nd4 14. Bxd4 exd4 15. Qd2 Qd6 16. Rfe1 Qa3 17. Nf3 c5 18. h3 h6 19. Reb1 Re7 20. Rb3 Qa6 21. a3 Rae8 22. Re1 Qa4 23. Rxe7 Rxe7 24. Qf4 b6 25. Qb8+ Re8 26. Qc7 Re2 27. Ne5 Qe8 28. f4 Nh5 29. Rb1 Nxf4 30. Rf1 Qxe5 31. Qxe5 Nxh3+ 32. gxh3 Rxe5 0-1